Torschützenliste der Ligue 1 2011-2012 - Statistiken

Allgemein
  • Dieses Quiz wurde 11 mal gespielt
  • Das Durchschnittsergebnis liegt bei 4 aus 10
Antwortstatistiken
Tore Nationalität Verein Spieler % Korrekt
16 Gabun AS Saint-Étienne Pierre-Emerick Aubameyang
91%
20 Belgien OSC Lille Eden Hazard
82%
21 Frankreich HSC Montpellier Olivier Giroud
73%
16 Argentinien Olympique Lyon Lisandro López
45%
12 Frankreich Olympique Marseille Loïc Rémy
45%
21 Brasilien Paris SG Nenê
45%
13 Argentinien Paris SG Javier Pastore
36%
14 Frankreich Olympique Lyon Bafétimbi Gomis
18%
12 Frankreich HSC Montpellier Younès Belhanda
9%
14 Frankreich Girondins Bordeaux Yoan Gouffran
0%
Keine übereinstimmenden Quizze gefunden
Verteilung der Resultate
Anzahl Personen mit jedem Resultat
Perzentil nach korrekt beantworteten Fragen
Ihre Resultats-Entwicklung
Sie haben dieses Quiz noch nicht gespielt